| 000 | 01862nam a22002657a 4500 | ||
|---|---|---|---|
| 999 |
_c59047 _d59047 |
||
| 003 | Ge_BSU | ||
| 005 | 20221111112643.0 | ||
| 008 | 221111s2020ge xxu||||| |||| 00| 0 geo d | ||
| 020 | _a9789941969850 | ||
| 041 | _ageo | ||
| 080 | _a343.541(479.22) გ-26 | ||
| 100 |
_aგეგელია, თამარ. _915769 |
||
| 245 |
_aსქესობრივი დანაშაულები = Sexual offences / _cთამარ გეგელია, იზა კელენჯერიძე, ბაჩანა ჯიშკარიანი ; სამეცნიერო რედ. ბაჩანა ჯიშკარიანი. |
||
| 264 |
_aთბილისი : _bიურისტების სამყარო, _c2020. |
||
| 300 |
_a188 გვ. ; _b24 სმ. |
||
| 504 | _aბიბლიოგრაფია ტექსტის შენიშვნებში და გვ. 179-187. | ||
| 653 | _aსქესობრივი დანაშაულები ქართულ სისხლის .სამართალში ; სქესობრივი დანაშაულები ცალკეულ ქვეყნებში ; სასჯელთა პროპორციულობა სქესობრივ დანაშაულებში. | ||
| 653 | _aსამართალი | ||
| 700 |
_a გეგელია, თამარ _915773 |
||
| 700 |
_a კელენჯერიძე, იზა _915774 |
||
| 700 |
_aჯიშკარიანი, ბაჩანა _915775 |
||
| 710 |
_aგამოცემულია საქართველოს ღია საზოგადოების ფონდის ფინანსური მხარდაჭერით. _915776 |
||
| 773 | _tნაჩუქარი | ||
| 942 |
_2udc _cBK |
||